[Event "FIDE World Youth U16 Chess Olympiad SLOVAKIA 2016"]
[Site "Poprad Tatry SLOVAKIA"]
[Date "2016.07.27"]
[Round "7"]
[Board "4"]
[White "Tomcikova, Dominika"]
[Black "Muradli, Mahammad"]
[Result "0-1"]
[WhiteElo "1877"]
[BlackElo "2325"]
[PlyCount "86"]
[EventDate "2016.07.22"]
[EventType "team"]
[EventRounds "9"]
[EventCountry "SVK"]
[WhiteTeam "Slovakia 2"]
[BlackTeam "Azerbaijan"]

1. e4 c5 2. Nc3 d6 3. Bb5+ Bd7 4. Bxd7+ Qxd7 5. f4 Nc6 6. d3 g6 7. Nf3 Bg7 8.
O-O e6 9. Be3 Nge7 10. Qe1 Nd4 11. Bxd4 cxd4 12. Ne2 e5 13. Qg3 f6 14. f5 Bh6
15. fxg6 hxg6 16. c3 dxc3 17. bxc3 O-O-O 18. Rab1 d5 19. Rb4 dxe4 20. dxe4 Be3+
21. Kh1 Qd3 22. Qe1 Nc6 23. Rb1 Qxe4 24. Ng3 Qd3 25. Rd1 Qxd1 26. Qxd1 Rxd1 27.
Rxd1 Rd8 28. Rb1 f5 29. Nf1 Bh6 30. Kg1 e4 31. Nh4 Ne5 32. g3 e3 33. Rb2 Rd1
34. Re2 Nd3 35. Ng2 Nc1 36. Rxe3 Bxe3+ 37. Ngxe3 Rd3 38. c4 Nxa2 39. Kf2 Nc3
40. Nc2 a5 41. h4 a4 42. Nfe3 Nd1+ 43. Ke2 Rxe3+ 0-1

[Event "FIDE World Youth U16 Chess Olympiad SLOVAKIA 2016"]
[Site "Poprad Tatry SLOVAKIA"]
[Date "2016.07.27"]
[Round "7"]
[Board "1"]
[White "Schneider, Jana"]
[Black "Bjerre, Jonas"]
[Result "0-1"]
[WhiteElo "2135"]
[BlackElo "2396"]
[PlyCount "112"]
[EventDate "2016.07.22"]
[EventType "team"]
[EventRounds "9"]
[EventCountry "SVK"]
[WhiteTeam "Germany 3"]
[BlackTeam "Denmark"]

1. e4 c5 2. Nf3 e6 3. g3 Nc6 4. Bg2 Nf6 5. Qe2 d5 6. e5 Nd7 7. O-O Be7 8. c3 a5
9. a4 b6 10. Na3 Ba6 11. d3 Qb8 12. Re1 c4 13. d4 Na7 14. Ng5 O-O 15. Bh3 Qe8
16. Nxe6 fxe6 17. Bxe6+ Kh8 18. Bxd5 Rd8 19. Bxc4 Bb7 20. f4 Nc5 21. Rd1 Qg6
22. d5 Ne4 23. Be3 Bc5 24. Bxc5 Nxc5 25. Qe3 Nc8 26. Nb5 Ne7 27. Nd6 Rxd6 28.
exd6 Nf5 29. Qf3 Nh4 30. Qf1 Ne4 31. Rd3 Nxd6 32. b3 Nxc4 33. bxc4 Nf5 34. Re1
Ba6 35. Rd2 Qd6 36. Re6 Qa3 37. Rxb6 Bxc4 38. Qb1 Ne3 39. Rb8 Nxd5 40. Rxf8+
Qxf8 41. Qe4 Qc5+ 42. Qd4 Qxd4+ 43. Rxd4 Nb6 44. Rd8+ Bg8 45. Kf2 Nxa4 46. c4
Nc5 47. Rc8 Ne4+ 48. Ke3 Nd6 49. Ra8 Nxc4+ 50. Kd4 h5 51. h3 Kh7 52. g4 h4 53.
Ra7 Kg6 54. Ra6+ Kh7 55. f5 Nd2 56. Rxa5 Nb3+ 0-1

[Event "FIDE World Youth U16 Chess Olympiad SLOVAKIA 2016"]
[Site "Poprad Tatry SLOVAKIA"]
[Date "2016.07.27"]
[Round "7"]
[Board "2"]
[White "Olsen, Filip Boe"]
[Black "Rogozenco, Teodora"]
[Result "1-0"]
[WhiteElo "2263"]
[BlackElo "2044"]
[PlyCount "45"]
[EventDate "2016.07.22"]
[EventType "team"]
[EventRounds "9"]
[EventCountry "SVK"]
[WhiteTeam "Denmark"]
[BlackTeam "Germany 3"]

1. d4 Nf6 2. c4 g6 3. Nc3 Bg7 4. e4 d6 5. Nf3 O-O 6. h3 e5 7. d5 a5 8. Be3 Na6
9. g4 Nc5 10. Nd2 c6 11. Be2 h6 12. h4 Nfd7 13. Nf1 f5 14. gxf5 gxf5 15. exf5
e4 16. dxc6 bxc6 17. Qxd6 Qb6 18. O-O-O Rb8 19. Rd2 Bxc3 20. Rg1+ Bg7 21. Bd4
Rf6 22. Bxf6 Nxf6 23. Qxf6 1-0

[Event "FIDE World Youth U16 Chess Olympiad SLOVAKIA 2016"]
[Site "Poprad Tatry SLOVAKIA"]
[Date "2016.07.27"]
[Round "7"]
[Board "3"]
[White "Muetsch, Annmarie"]
[Black "Moller, Sophus Mechlenburg"]
[Result "1/2-1/2"]
[WhiteElo "2048"]
[BlackElo "2142"]
[PlyCount "154"]
[EventDate "2016.07.22"]
[EventType "team"]
[EventRounds "9"]
[EventCountry "SVK"]
[WhiteTeam "Germany 3"]
[BlackTeam "Denmark"]

1. e4 c5 2. Nf3 g6 3. d4 cxd4 4. Nxd4 Nf6 5. Nc3 d6 6. Be3 Bg7 7. f3 Nc6 8. Qd2
O-O 9. O-O-O d5 10. Qe1 e5 11. Nxc6 bxc6 12. exd5 Nxd5 13. Bc4 Be6 14. Ne4 Qc7
15. Bc5 Rfd8 16. g4 Rab8 17. h4 Nf4 18. Bxe6 Nxe6 19. Bd6 Rxd6 20. Nxd6 Nd4 21.
Nc4 Nxf3 22. Qa5 Qe7 23. Qa3 Qxa3 24. Nxa3 e4 25. Nc4 f5 26. Rd6 Re8 27. Kd1
fxg4 28. Ne3 g3 29. c3 Bh6 30. Ng2 e3 31. Ke2 Nd2 32. Rf6 Kg7 33. Rxc6 Rf8 34.
Rc7+ Kg8 35. Kd3 Rf2 36. h5 Rxg2 37. hxg6 Rh2 38. gxh7+ Kh8 39. Rg1 Bf4 40. Rf7
Rf2 41. Rxf4 Rxf4 42. Kxe3 Rf2 43. Rxg3 Rh2 44. Kd4 Nb1 45. Rg8+ Kxh7 46. Rb8
Kg6 47. Kc5 Kf6 48. Rb4 Ke6 49. Kc6 Nd2 50. Kb7 Rh7+ 51. Ka6 Nf3 52. a4 Kd6 53.
Rf4 Ne5 54. b4 Rc7 55. Rd4+ Ke7 56. b5 Nd7 57. Ka5 Rxc3 58. Kb4 Rc8 59. a5 Kd8
60. Rd6 Kc7 61. Ra6 Kb7 62. Rd6 Rc7 63. Rd4 Ne5 64. Kb3 Re7 65. Re4 a6 66. Ka4
axb5+ 67. Kxb5 Ka7 68. a6 Re8 69. Rb4 Rb8+ 70. Ka4 Rd8 71. Re4 Rd5 72. Rh4 Kxa6
73. Rh6+ Kb7 74. Kb4 Nc6+ 75. Kc4 Rg5 76. Rh2 Rg4+ 77. Kc5 Rg5+ 1/2-1/2

[Event "FIDE World Youth U16 Chess Olympiad SLOVAKIA 2016"]
[Site "Poprad Tatry SLOVAKIA"]
[Date "2016.07.27"]
[Round "7"]
[Board "4"]
[White "Nilssen, Ellen Fredericia"]
[Black "Leser, Katrin"]
[Result "1-0"]
[WhiteElo "1881"]
[BlackElo "2025"]
[PlyCount "85"]
[EventDate "2016.07.22"]
[EventType "team"]
[EventRounds "9"]
[EventCountry "SVK"]
[WhiteTeam "Denmark"]
[BlackTeam "Germany 3"]

1. d4 d5 2. c4 e6 3. Nc3 Nf6 4. Bg5 Be7 5. Nf3 h6 6. Bh4 O-O 7. e3 b6 8. cxd5
Nxd5 9. Bxe7 Qxe7 10. Nxd5 exd5 11. Bd3 Be6 12. O-O c5 13. e4 c4 14. Bc2 Nc6
15. e5 Bg4 16. Qd2 f6 17. Nh4 Bh5 18. Nf5 Qd7 19. f4 Kh8 20. h3 Bg6 21. g4 Ne7
22. Nxe7 Bxc2 23. Qxc2 Qxe7 24. Qg2 Rad8 25. Rae1 f5 26. Re3 Qe6 27. Rg3 Rd7
28. g5 Rg8 29. Rff3 b5 30. gxh6 gxh6 31. Rxg8+ Qxg8 32. Rg3 Qf8 33. Rg6 Kh7 34.
Rf6 Qe8 35. Kh2 Qh5 36. Rd6 Rxd6 37. exd6 Qf7 38. Qe2 Kg8 39. a3 a5 40. Qe1 Qa7
41. Qe8+ Kg7 42. d7 Qc7 43. Qe5+ 1-0

[Event "FIDE World Youth U16 Chess Olympiad SLOVAKIA 2016"]
[Site "Poprad Tatry SLOVAKIA"]
[Date "2016.07.27"]
[Round "7"]
[Board "1"]
[White "Stefansson, Vignir Vatnar"]
[Black "Ng, Chung Lok Andrew"]
[Result "1-0"]
[WhiteElo "2171"]
[BlackElo "1648"]
[PlyCount "99"]
[EventDate "2016.07.22"]
[EventType "team"]
[EventRounds "9"]
[EventCountry "SVK"]
[WhiteTeam "Iceland"]
[BlackTeam "Hong Kong"]

1. c4 Nf6 2. g3 g6 3. Bg2 Bg7 4. Nc3 O-O 5. e4 d6 6. Nge2 c5 7. O-O Nc6 8. d3
Rb8 9. a3 a6 10. Rb1 b5 11. cxb5 axb5 12. b4 cxb4 13. axb4 Be6 14. h3 Ne8 15.
Be3 Qc8 16. Nd5 Bxd5 17. exd5 Nd8 18. Qb3 Qd7 19. Rbc1 e6 20. Nd4 Nc7 21. Nc6
Nxc6 22. dxc6 Qe7 23. d4 d5 24. Ra1 Ra8 25. Rfc1 g5 26. g4 h6 27. Ra2 Rxa2 28.
Qxa2 Ra8 29. Qd2 Ra4 30. Rc5 Qd6 31. f4 Na6 32. c7 Nxc7 33. fxg5 hxg5 34. Bxg5
Ra1+ 35. Kf2 Ra7 36. Be3 e5 37. dxe5 Qxe5 38. Rxd5 Nxd5 39. Bxa7 Qf6+ 40. Bf3
Nf4 41. Kg3 Qe5 42. Qxf4 Qe7 43. Bc5 Qe1+ 44. Bf2 Qe7 45. Qb8+ Kh7 46. Qxb5
Be5+ 47. Kg2 Qg5 48. Qd3+ Kg8 49. Qf5 Qe7 50. Be4 1-0

[Event "FIDE World Youth U16 Chess Olympiad SLOVAKIA 2016"]
[Site "Poprad Tatry SLOVAKIA"]
[Date "2016.07.27"]
[Round "7"]
[Board "2"]
[White "Deng, Yu Dong Michael"]
[Black "Birkisson, Bardur Orn"]
[Result "1/2-1/2"]
[WhiteElo "1682"]
[BlackElo "2048"]
[PlyCount "77"]
[EventDate "2016.07.22"]
[EventType "team"]
[EventRounds "9"]
[EventCountry "SVK"]
[WhiteTeam "Hong Kong"]
[BlackTeam "Iceland"]

1. d4 d5 2. c4 c6 3. Nf3 Nf6 4. Nc3 dxc4 5. a4 Bf5 6. e3 e6 7. Bxc4 Bb4 8. O-O
Nbd7 9. Nh4 O-O 10. Nxf5 exf5 11. Qb3 Qe7 12. Rd1 Nb6 13. Bd3 g6 14. Qc2 Rfe8
15. a5 Nbd5 16. Nxd5 cxd5 17. Bd2 Bxd2 18. Qxd2 Ne4 19. Bxe4 fxe4 20. Rac1 Rac8
21. h3 Qd7 22. Rxc8 Rxc8 23. Rc1 Rc6 24. Rxc6 Qxc6 25. Qc3 Qxc3 26. bxc3 Kf8
27. f3 f5 28. g4 Ke7 29. gxf5 gxf5 30. fxe4 fxe4 31. Kf2 Kf6 32. Kg3 Kg5 33.
h4+ Kf5 34. Kh3 b6 35. axb6 axb6 36. Kg3 h5 37. Kh3 Ke6 38. Kg3 Kf5 39. Kh3
 1/2-1/2

[Event "FIDE World Youth U16 Chess Olympiad SLOVAKIA 2016"]
[Site "Poprad Tatry SLOVAKIA"]
[Date "2016.07.27"]
[Round "7"]
[Board "3"]
[White "Birkisson, Bjorn Holm"]
[Black "Oh, Benjamin Yao Teng"]
[Result "1/2-1/2"]
[WhiteElo "1977"]
[BlackElo "1687"]
[PlyCount "87"]
[EventDate "2016.07.22"]
[EventType "team"]
[EventRounds "9"]
[EventCountry "SVK"]
[WhiteTeam "Iceland"]
[BlackTeam "Hong Kong"]

1. d4 d5 2. c4 e6 3. Nc3 c5 4. dxc5 d4 5. Na4 Bxc5 6. Nxc5 Qa5+ 7. Bd2 Qxc5 8.
b4 Qd6 9. Nf3 Nf6 10. Qb3 O-O 11. e3 e5 12. c5 Qe7 13. Bc4 Bg4 14. h3 Bxf3 15.
gxf3 a5 16. bxa5 Nc6 17. Qb5 dxe3 18. fxe3 Qc7 19. Qb6 Qxb6 20. axb6 Nd7 21.
Bb5 Nxc5 22. Bxc6 bxc6 23. Ke2 Rfb8 24. Rhc1 Nd7 25. Rxc6 Rxb6 26. Rxb6 Nxb6
27. a3 f6 28. Rb1 Nd5 29. Rb5 Nc7 30. Rb7 Ne6 31. Bb4 h5 32. Bd6 Kh7 33. Re7
Nf8 34. Rb7 Ne6 35. Re7 Nf8 36. Bb4 Ng6 37. Rc7 Nf8 38. Bxf8 Rxf8 39. a4 Ra8
40. Rc4 g5 41. Kf2 Kg6 42. f4 exf4 43. exf4 Ra5 44. Kf3 1/2-1/2

[Event "FIDE World Youth U16 Chess Olympiad SLOVAKIA 2016"]
[Site "Poprad Tatry SLOVAKIA"]
[Date "2016.07.27"]
[Round "7"]
[Board "4"]
[White "Lee, Katrina Yin Yee"]
[Black "Heimisson, Hilmir Freyr"]
[Result "0-1"]
[WhiteElo "1644"]
[BlackElo "1974"]
[PlyCount "70"]
[EventDate "2016.07.22"]
[EventType "team"]
[EventRounds "9"]
[EventCountry "SVK"]
[WhiteTeam "Hong Kong"]
[BlackTeam "Iceland"]

1. e4 c5 2. Nc3 g6 3. g3 Bg7 4. Bg2 Nc6 5. d3 e6 6. Be3 Nge7 7. Qd2 d6 8. Bh6
O-O 9. Bxg7 Kxg7 10. h4 h5 11. g4 hxg4 12. h5 Rh8 13. h6+ Kf8 14. h7 Ke8 15.
Nge2 e5 16. f3 gxf3 17. Bxf3 Kd7 18. O-O-O Kc7 19. Qg5 Be6 20. Rdf1 Rc8 21. Bg4
Bxg4 22. Qxg4 f5 23. Qg5 Kb8 24. Qf6 a6 25. exf5 gxf5 26. Ng3 Nd4 27. Rh6 Qd7
28. Rfh1 Rcd8 29. Kd2 f4 30. Nge4 Qg4 31. Rf1 Nef5 32. Rg6 Qh3 33. Rf2 Qxh7 34.
Ng5 Qh4 35. Rg2 Rdf8 0-1

[Event "FIDE World Youth U16 Chess Olympiad SLOVAKIA 2016"]
[Site "Poprad Tatry SLOVAKIA"]
[Date "2016.07.27"]
[Round "7"]
[Board "1"]
[White "Livaic, Leon"]
[Black "Gluckman, Paul"]
[Result "1-0"]
[WhiteElo "2447"]
[BlackElo "1923"]
[PlyCount "55"]
[EventDate "2016.07.22"]
[EventType "team"]
[EventRounds "9"]
[EventCountry "SVK"]
[WhiteTeam "Croatia"]
[BlackTeam "South Africa 1"]

1. d4 Nf6 2. c4 g6 3. f3 d5 4. cxd5 Nxd5 5. e4 Nb6 6. Nc3 Bg7 7. Be3 O-O 8. Qd2
e5 9. d5 c6 10. O-O-O N8d7 11. h4 cxd5 12. exd5 h5 13. Kb1 Nf6 14. Nh3 Bf5+ 15.
Ka1 Rc8 16. Nf2 Rxc3 17. Qxc3 Nbxd5 18. Qa3 Nxe3 19. Qxe3 Qa5 20. Bc4 Rc8 21.
Bb3 Nd7 22. g4 Bc2 23. Rxd7 e4 24. Bxf7+ Kh8 25. Bb3 Rc3 26. Qg5 Rxb3 27. Qd8+
Kh7 28. Qxa5 1-0

[Event "FIDE World Youth U16 Chess Olympiad SLOVAKIA 2016"]
[Site "Poprad Tatry SLOVAKIA"]
[Date "2016.07.27"]
[Round "7"]
[Board "2"]
[White "De Jager, Luan"]
[Black "Muha, Miljenko"]
[Result "0-1"]
[WhiteElo "1766"]
[BlackElo "2257"]
[PlyCount "104"]
[EventDate "2016.07.22"]
[EventType "team"]
[EventRounds "9"]
[EventCountry "SVK"]
[WhiteTeam "South Africa 1"]
[BlackTeam "Croatia"]

1. e4 e6 2. d4 d5 3. exd5 exd5 4. Bd3 c5 5. c3 c4 6. Bc2 Bd6 7. Qf3 Ne7 8. Ne2
Nd7 9. O-O O-O 10. Bf4 Nf6 11. h3 Ng6 12. Bg5 Be7 13. Ng3 Rb8 14. Re1 b5 15. a3
a5 16. Bf5 h6 17. Bxg6 fxg6 18. Bf4 Rb6 19. Qd1 Ng4 20. Be3 Nxe3 21. Rxe3 Rbf6
22. Nh1 Bd6 23. Nd2 Bf4 24. Re1 Bc7 25. Re3 Qd6 26. Nf1 Bf5 27. Rf3 Bd3 28.
Rxf6 Rxf6 29. Nhg3 h5 30. Qd2 h4 31. Ne2 Re6 32. Re1 Kh7 33. Nc1 Rxe1 34. Qxe1
Bxf1 35. Kxf1 Qh2 36. Ke2 Qxg2 37. Qf1 Qe4+ 38. Kd1 Bf4 39. Qg1 Qb1 40. Qg4
Qxc1+ 41. Ke2 Qxb2+ 42. Kf1 Qb1+ 43. Kg2 Qe4+ 44. Kf1 Bd2 45. Qd7 Bxc3 46. Qxb5
Qxd4 47. a4 Qd1+ 48. Kg2 Bf6 49. f4 Qe2+ 50. Kh1 Qf1+ 51. Kh2 Qxf4+ 52. Kg2
Qg3+ 0-1

[Event "FIDE World Youth U16 Chess Olympiad SLOVAKIA 2016"]
[Site "Poprad Tatry SLOVAKIA"]
[Date "2016.07.27"]
[Round "7"]
[Board "3"]
[White "Tomulic, Teo"]
[Black "Agulhas, Keegan"]
[Result "1-0"]
[WhiteElo "2121"]
[BlackElo "1716"]
[PlyCount "133"]
[EventDate "2016.07.22"]
[EventType "team"]
[EventRounds "9"]
[EventCountry "SVK"]
[WhiteTeam "Croatia"]
[BlackTeam "South Africa 1"]

1. e4 c5 2. Nf3 e6 3. d4 cxd4 4. Nxd4 a6 5. Bd3 Nf6 6. O-O Qc7 7. Qe2 d6 8. c4
g6 9. Nc3 Bg7 10. Be3 O-O 11. Kh1 Nbd7 12. Rad1 b6 13. f3 Bb7 14. Nc2 Rac8 15.
Bg1 Ne5 16. Ne3 Nfd7 17. Nb1 Rfd8 18. b3 Nc5 19. Bc2 a5 20. Na3 Ba6 21. Nb5 Qe7
22. Qf2 Nc6 23. a4 Nb4 24. Rfe1 Bxb5 25. axb5 Qf6 26. Qd2 Qb2 27. Rb1 Qa2 28.
Re2 Bh6 29. Qd1 Bg7 30. Bd3 Qa3 31. Nc2 Nxc2 32. Bxc2 Qb4 33. Rd2 Bf8 34. e5 d5
35. cxd5 Rxd5 36. Rxd5 exd5 37. Qxd5 Qxb5 38. Re1 Qc6 39. Qc4 Ne6 40. Qxc6 Rxc6
41. Be4 Rc3 42. Bxb6 Rxb3 43. Bxa5 Rb5 44. Bc3 Bg7 45. Bb1 Rc5 46. Ba1 Ra5 47.
Bc2 Rc5 48. Bb3 Nf4 49. Bd4 Rb5 50. Rb1 Kf8 51. Ba2 Rxb1+ 52. Bxb1 Ne6 53. Bc3
Ke7 54. g3 Nc7 55. f4 Nd5 56. Bd2 Nc7 57. Kg2 Ke6 58. Ba2+ Ke7 59. Bb4+ Ke8 60.
Kf3 Bf8 61. Ba5 Nb5 62. Ke4 Na7 63. Bd5 Nc8 64. Bc4 Bc5 65. g4 Ne7 66. f5 Ng8
67. f6 1-0

[Event "FIDE World Youth U16 Chess Olympiad SLOVAKIA 2016"]
[Site "Poprad Tatry SLOVAKIA"]
[Date "2016.07.27"]
[Round "7"]
[Board "4"]
[White "Joubert, Dantelle"]
[Black "Radenic, Filip"]
[Result "0-1"]
[WhiteElo "1453"]
[BlackElo "2083"]
[PlyCount "164"]
[EventDate "2016.07.22"]
[EventType "team"]
[EventRounds "9"]
[EventCountry "SVK"]
[WhiteTeam "South Africa 1"]
[BlackTeam "Croatia"]

1. e4 e6 2. d4 d5 3. e5 c5 4. c3 Nc6 5. Nf3 Qb6 6. a3 a5 7. Be2 cxd4 8. cxd4
Nge7 9. g4 h5 10. gxh5 Nf5 11. Nc3 Nfxd4 12. Nxd4 Qxd4 13. Qxd4 Nxd4 14. Bd1
Bd7 15. Bf4 Be7 16. Rg1 Kf8 17. Rc1 Rc8 18. Rg2 Rc4 19. Rg4 Nf5 20. Bd2 d4 21.
Na2 Rxc1 22. Nxc1 Rxh5 23. Rxd4 Nxd4 24. Bxh5 a4 25. Bc3 Nf5 26. Bf3 b6 27. Nd3
Bb5 28. Nb4 Ke8 29. Bc6+ Bxc6 30. Nxc6 Kd7 31. Nxe7 Nxe7 32. Ke2 Kc6 33. Kd3
Kd5 34. f4 Nf5 35. Be1 b5 36. Bf2 Ne7 37. Be1 Nc6 38. Bc3 g6 39. h3 Ne7 40. Be1
Nf5 41. Bf2 Ng7 42. Bg3 Nh5 43. Bh2 f6 44. exf6 Nxf6 45. Bg1 Ne4 46. Be3 Nd6
47. Bd4 Nc4 48. Bc3 Nd6 49. Bd4 Nf7 50. Bf6 Nh6 51. Bd4 Nf5 52. Bf2 Ng7 53. Bg3
Ne8 54. Bf2 Nc7 55. Bd4 Na6 56. Be3 b4 57. Bd4 bxa3 58. bxa3 Nc7 59. Bb2 Nb5
60. h4 Nd6 61. Bc3 Ne4 62. Bd4 Nd6 63. Be3 Nb5 64. Bc1 Nd4 65. Be3 Nf5 66. Bf2
Nd6 67. Be3 Nb5 68. Bc1 Nd4 69. Be3 Nb3 70. Bf2 Na5 71. Bd4 Nc4 72. Bc3 Nxa3
73. Bd4 Nb5 74. Bf6 Nd6 75. Bc3 Ne4 76. Bd4 Ng3 77. Be3 Nf5 78. Bf2 a3 79. Be1
a2 80. Bc3 Nxh4 81. Bf6 Ng2 82. Be5 Nxf4+ 0-1

[Event "FIDE World Youth U16 Chess Olympiad SLOVAKIA 2016"]
[Site "Poprad Tatry SLOVAKIA"]
[Date "2016.07.27"]
[Round "7"]
[Board "1"]
[White "Wolmarans, Riekie"]
[Black "Lin, Pin-Chen (gary)"]
[Result "0-1"]
[WhiteElo "1429"]
[BlackElo "2077"]
[PlyCount "98"]
[EventDate "2016.07.22"]
[EventType "team"]
[EventRounds "9"]
[EventCountry "SVK"]
[WhiteTeam "South Africa 3"]
[BlackTeam "Japan"]

1. d4 Nf6 2. Bf4 g6 3. Nf3 Bg7 4. e3 O-O 5. Bd3 d6 6. O-O Nbd7 7. Nbd2 Qe8 8.
Bg3 e5 9. dxe5 dxe5 10. e4 Nh5 11. Qe2 Qe7 12. Nb3 Re8 13. Bh4 f6 14. Rad1 Nf8
15. Rfe1 Bh6 16. Bg3 Ne6 17. Bc4 Kh8 18. Bxe6 Bxe6 19. Nfd2 a5 20. a3 a4 21.
Nc1 Qc5 22. Nf1 Qb6 23. Nd3 Rad8 24. Ne3 c6 25. Nb4 Bf8 26. Rxd8 Rxd8 27. Nd3
Be7 28. Rd1 Bf7 29. Kh1 Ng7 30. f3 Ne6 31. Bf2 Nd4 32. Qd2 Qc7 33. Ng4 Nxc2 34.
Rc1 Nd4 35. Bxd4 Rxd4 36. Ngf2 Qd8 37. Qe3 Bc4 38. Rd1 c5 39. h3 Ba6 40. Kh2 c4
41. Nxe5 fxe5 42. Qc1 Rxd1 43. Qxd1 Qxd1 44. Nxd1 Bc5 45. g4 g5 46. Kg2 Kg7 47.
Kf1 c3+ 48. Kg2 c2 49. Nf2 c1=Q 0-1

[Event "FIDE World Youth U16 Chess Olympiad SLOVAKIA 2016"]
[Site "Poprad Tatry SLOVAKIA"]
[Date "2016.07.27"]
[Round "7"]
[Board "2"]
[White "Hiebert, Kenji"]
[Black "Kara, Zahra"]
[Result "1/2-1/2"]
[WhiteElo "1860"]
[BlackElo "1335"]
[PlyCount "145"]
[EventDate "2016.07.22"]
[EventType "team"]
[EventRounds "9"]
[EventCountry "SVK"]
[WhiteTeam "Japan"]
[BlackTeam "South Africa 3"]

1. e4 e5 2. Nf3 Nc6 3. d4 exd4 4. Nxd4 Bc5 5. Nb3 Bb6 6. Nc3 d6 7. Qe2 Be6 8.
Be3 Bxe3 9. Qxe3 Nf6 10. O-O-O Qe7 11. g3 O-O-O 12. Bg2 Kb8 13. Rhe1 h6 14. Qd2
Qd7 15. Nd5 Bxd5 16. exd5 Ne5 17. Qb4 a6 18. f4 Ng6 19. Bf1 Ka8 20. Na5 Rb8 21.
Re3 Rhe8 22. Ra3 Re4 23. Qc3 Ne7 24. Bg2 Nexd5 25. Qd2 Rbe8 26. Bxe4 Rxe4 27.
Re1 Rxe1+ 28. Qxe1 Qe7 29. Qxe7 Nxe7 30. Re3 Nf5 31. Re2 b6 32. Nb3 Kb7 33. c3
c5 34. c4 Kc6 35. Kd2 b5 36. cxb5+ axb5 37. Rg2 h5 38. h3 Ne4+ 39. Ke2 Nexg3+
40. Kf3 h4 41. Nc1 g6 42. Nd3 c4 43. Nf2 d5 44. Ng4 Kc5 45. Ne5 Nd6 46. Kg4
Ngf5 47. Rg1 d4 48. Nf3 d3 49. Nxh4 Nxh4 50. Kxh4 Kd4 51. Kg5 Ne4+ 52. Kh6 d2
53. Kg7 Nd6 54. Kf6 Kd3 55. Ke7 Ne4 56. Kxf7 Nf2 57. h4 d1=Q 58. Rxd1+ Nxd1 59.
Kxg6 b4 60. f5 c3 61. bxc3 bxc3 62. f6 c2 63. f7 c1=Q 64. f8=Q Qc6+ 65. Kg5
Qg2+ 66. Kh6 Qc6+ 67. Kg7 Qg2+ 68. Kh7 Qe4+ 69. Kg7 Qg4+ 70. Kf7 Qc4+ 71. Ke8
Qc6+ 72. Ke7 Qe4+ 73. Kd7 1/2-1/2

[Event "FIDE World Youth U16 Chess Olympiad SLOVAKIA 2016"]
[Site "Poprad Tatry SLOVAKIA"]
[Date "2016.07.27"]
[Round "7"]
[Board "3"]
[White "Du Plessis, Anika"]
[Black "Osaka, Takuma"]
[Result "0-1"]
[WhiteElo "1248"]
[BlackElo "1888"]
[PlyCount "112"]
[EventDate "2016.07.22"]
[EventType "team"]
[EventRounds "9"]
[EventCountry "SVK"]
[WhiteTeam "South Africa 3"]
[BlackTeam "Japan"]

1. d4 Nf6 2. Nf3 g6 3. c4 Bg7 4. Nc3 d5 5. Bg5 Ne4 6. Bf4 Nxc3 7. bxc3 dxc4 8.
e4 b5 9. a4 c6 10. Be2 Nd7 11. O-O O-O 12. Qd2 a6 13. Bh6 Bb7 14. h4 Nf6 15. e5
Ne4 16. Qe3 Nxc3 17. Qxc3 Bxh6 18. Nh2 Bg7 19. f4 c5 20. dxc5 Qd5 21. Bf3 Qxc5+
22. Kh1 Bxf3 23. Nxf3 b4 24. Qc2 Rfc8 25. Rac1 Ra7 26. Nd2 Rac7 27. Rf3 Qa5 28.
Ne4 b3 29. Qc3 Qxa4 30. Nd2 Qb5 31. Qb2 f6 32. Nxb3 cxb3 33. Rxc7 Rxc7 34. Rxb3
Qf1+ 35. Kh2 Qxf4+ 36. Kh3 Qxe5 37. Rb8+ Kf7 38. Qb3+ Qe6+ 39. Qxe6+ Kxe6 40.
Rb6+ Kd5 41. Rxa6 e5 42. Ra4 e4 43. Kg3 f5 44. Ra5+ Rc5 45. Ra7 Be5+ 46. Kf2
Rc2+ 47. Kf1 e3 48. Ra5+ Ke4 49. Ra4+ Kd3 50. Ra3+ Kd2 51. g4 e2+ 52. Kg2 e1=Q
53. gxf5 Kd1+ 54. Kh3 Rh2+ 55. Kg4 Qe4+ 56. Kg5 Qxh4# 0-1

[Event "FIDE World Youth U16 Chess Olympiad SLOVAKIA 2016"]
[Site "Poprad Tatry SLOVAKIA"]
[Date "2016.07.27"]
[Round "7"]
[Board "4"]
[White "Hoshino, Karen"]
[Black "Van Heerden, Lara"]
[Result "1-0"]
[WhiteElo "1818"]
[BlackElo "1259"]
[PlyCount "65"]
[EventDate "2016.07.22"]
[EventType "team"]
[EventRounds "9"]
[EventCountry "SVK"]
[WhiteTeam "Japan"]
[BlackTeam "South Africa 3"]

1. d4 d5 2. c4 e6 3. Nc3 Nc6 4. Nf3 h6 5. Bf4 Nf6 6. e3 b6 7. cxd5 exd5 8. Bb5
Bd7 9. O-O Be7 10. Ne5 Nxe5 11. dxe5 Bxb5 12. exf6 Bxf1 13. fxe7 Qd7 14. Kxf1
c6 15. Qd4 f6 16. e4 Kxe7 17. Rd1 Rad8 18. exd5 Kf7 19. Qc4 c5 20. d6+ Kf8 21.
Nd5 Qg4 22. f3 Qd7 23. Re1 g5 24. Bg3 f5 25. Re7 b5 26. Rxd7 Rxd7 27. Qxc5 f4
28. Qc8+ Kf7 29. Qxd7+ Kg6 30. Ne7+ Kg7 31. Bf2 Kf7 32. Qf5+ Kg7 33. Bd4# 1-0

[Event "FIDE World Youth U16 Chess Olympiad SLOVAKIA 2016"]
[Site "Poprad Tatry SLOVAKIA"]
[Date "2016.07.27"]
[Round "7"]
[Board "1"]
[White "Trzaskowska, Hanna"]
[Black "Keinanen, Toivo"]
[Result "0-1"]
[WhiteElo "1318"]
[BlackElo "2274"]
[PlyCount "150"]
[EventDate "2016.07.22"]
[EventType "team"]
[EventRounds "9"]
[EventCountry "SVK"]
[WhiteTeam "Poland 2 - Warmia - Mazury"]
[BlackTeam "Finland"]

1. e4 c5 2. Nf3 g6 3. d4 cxd4 4. Qxd4 Nf6 5. Bc4 Nc6 6. Qd3 Bg7 7. O-O O-O 8.
Nc3 d6 9. h3 Nd7 10. Be3 b6 11. Bd5 Bb7 12. Bxc6 Bxc6 13. Bd4 Nc5 14. Qe2 Rc8
15. Bxg7 Kxg7 16. Rad1 Qc7 17. Nd4 Bb7 18. Rfe1 Nd7 19. Rd2 Ne5 20. Ncb5 Qb8
21. b3 a6 22. Na3 b5 23. Nb1 Nc6 24. Nxc6 Rxc6 25. c3 Rfc8 26. Rc2 Rc5 27. Rec1
Qc7 28. Qd3 Qd7 29. c4 Qc7 30. Na3 b4 31. Nb1 a5 32. Nd2 Ra8 33. Qd4+ Kg8 34.
Ra1 Bc6 35. Rcc1 Qb7 36. f3 Bd7 37. Nf1 Be6 38. Ne3 a4 39. Nd5 Bxd5 40. exd5
Qa7 41. Kf2 Qc7 42. Ke2 Rca5 43. Kd2 Qb7 44. Kc2 Qa6 45. bxa4 Rxa4 46. Qb2
Qxc4+ 47. Kd2 Qxd5+ 48. Ke1 Qe5+ 49. Qxe5 dxe5 50. Rcb1 Rxa2 51. Rxa2 Rxa2 52.
Rxb4 Rxg2 53. Rb5 f6 54. Rb4 Rg3 55. Rb8+ Kf7 56. Rh8 Rxh3 57. Kf2 Ke6 58. Kg2
Rh5 59. Ra8 Rg5+ 60. Kf2 h5 61. Ra6+ Kf7 62. Ra4 Rf5 63. Kg3 Rf4 64. Ra1 h4+
65. Kg2 g5 66. Rh1 Ke6 67. Re1 Kf5 68. Re2 e6 69. Re3 Ra4 70. Kh3 Ra2 71. Re4
Kg6 72. Rc4 Rf2 73. Rc3 Kh5 74. Rd3 e4 75. Rd4 f5 0-1

[Event "FIDE World Youth U16 Chess Olympiad SLOVAKIA 2016"]
[Site "Poprad Tatry SLOVAKIA"]
[Date "2016.07.27"]
[Round "7"]
[Board "2"]
[White "Nazarova, Anastasia"]
[Black "Hrymowicz, Artur"]
[Result "1/2-1/2"]
[WhiteElo "2032"]
[BlackElo "1744"]
[PlyCount "78"]
[EventDate "2016.07.22"]
[EventType "team"]
[EventRounds "9"]
[EventCountry "SVK"]
[WhiteTeam "Finland"]
[BlackTeam "Poland 2 - Warmia - Mazury"]

1. e4 c5 2. Nf3 d6 3. c4 Nf6 4. Nc3 Nc6 5. d4 cxd4 6. Nxd4 g6 7. Be2 Nxd4 8.
Qxd4 Bg7 9. Be3 O-O 10. Qd2 Be6 11. Rd1 Qa5 12. O-O Rfe8 13. Bd4 Rac8 14. b3
Nd7 15. Bxg7 Kxg7 16. f4 Nf6 17. Kh1 a6 18. Qe3 Qc5 19. Qg3 b5 20. f5 Bd7 21.
Qf4 Bc6 22. Nd5 Bxd5 23. exd5 bxc4 24. Bxc4 a5 25. fxg6 hxg6 26. Rde1 Rc7 27.
a4 Rf8 28. Qf3 Qd4 29. Re2 Rh8 30. h3 Rh5 31. Qf2 Qxf2 32. Rexf2 Re5 33. g4 Rc8
34. Kg2 Rf8 35. Rd2 Ne4 36. Re2 f5 37. Rf4 Nc3 38. Rd2 fxg4 39. Rxg4 Re3
 1/2-1/2